Statistics for Formula 1 - 2020 Season

Click here to take the quiz!

General Stats

  • This quiz has been taken 102 times
  • The average score is 12 of 14

Answer Stats

QuestionAnswer% Correct
Who equalled Michael Schumacher's record of seven World Driver's Championships?Lewis Hamilton
100%
Which driver replaced Lewis Hamilton for the Sakhir Grand Prix?George Russell
98%
What team won their seventh consecutive Constructors' Championship?Mercedes
98%
How many different drivers managed to score a podium?10
96%
22 Grand Prix were originally scheduled to take place during the season. Due to Covid, how many races acutally took place?17
96%
Mick Schumacher will race in Fomrula 1 in 2021. What team will he race for?Haas
95%
Toro Rosso rebranded themselves as what before the beginning of the season?Alpha Tauri
92%
Who will be his teammate? (Hint: He already made headlines right after the end of the season.)Nikita Mazepin
89%
Pierre Gasly won the Italian Grand Prix ahead of Carlos Sainz and Lance Stroll. When was the last time no driver from Mercedes, Ferrari or Red Bull stood on the podium? (Name the year.)2012
87%
Who had three race starts as a replacement for the two Racing Point drivers?Nico Hülkenberg
83%
A podium finish from Daniel Ricciardo forced Renault Team Principal Cyril Abiteboul to get what? (Hint: They had a bet.)Tattoo
82%
At what race did he secure his title?Turkish Grand Prix
80%
Romain Grosjean suffered a horrendous crash at the Bahrain Grand Prix after colliding with whom?Daniil Kvyat
70%
Sergio Perez took the record for most starts before a Grand Prix win. Who held this record before him?Mark Webber
23%

Score Distribution

Percentile by Number Answered

Percent of People with Each Score

Your Score History

You have not taken this quiz